| 000 | 00969nam a22002897a 4500 | ||
|---|---|---|---|
| 001 | BR7806940 | ||
| 003 | BR-BrBNA | ||
| 005 | 20230928085802.0 | ||
| 007 | ta | ||
| 008 | 230509b bl.||||| |||| 00| 0 por d | ||
| 040 |
_aBR-BrBNA _bpor _cBiblioteca Nacional de Agricultura |
||
| 041 | _a(Por) | ||
| 072 |
_aK50 _b3140 _b8915 |
||
| 090 | _ 3140 BR7806940 | ||
| 100 | 1 | _aSimioni, A. | |
| 110 | 1 |
_aUniversidade Federal do Parana, Curitiba (Brasil) _0Tese (Mestrado) |
|
| 245 | 1 | _aSobre a viabilidade tecnica da confeccao de vigas laminadas com madeira de Pinus elliotti engelm [pinheiro] | |
| 260 | 3 |
_aCuritiba, PR (Brasil): _c1978. |
|
| 300 | _a98 p. | ||
| 500 | _aSummaries (Ger, Por); Bibliography p. 55-62 (83 ref.). (*) Documento disponível na(o) UFPR, Curitiba, PR (Brazil). Biblioteca Central | ||
| 650 | _aPINHEIRO | ||
| 650 | _aMADEIRA | ||
| 650 | _aINDUSTRIALIZACAO | ||
| 650 | _aLAMINADO | ||
| 909 |
_a202309 _bLucia _c55 _dLucia Elande |
||
| 942 | _cBK | ||
| 999 |
_c26323 _d26323 |
||